| 000 | 00526nam a2200145 a 4500 | ||
|---|---|---|---|
| 008 | 120416s1971 ||||||||||||||||| || u | ||
| 050 | _aHF 5635 Dix | ||
| 100 | _aDixon, Robert L | ||
| 245 | 1 | 0 | _aThe Executive's accounting primer |
| 260 |
_aNew York: _bMcGraw-Hill _c1971 |
||
| 300 | _axv, 328p. : ill | ||
| 350 | _a0.00 | ||
| 650 | 0 | _aACCOUNTING--HANDBOOKS, MANUALS, ETC | |
| 995 |
_D0.00 _FCBU-MAIN LIBRARY (Kitwe) _H1 _I0.00 _UAVAILABLE _ZAnnex Low-Usage Collection |
||
| 999 |
_c42848 _d42848 |
||